Президенты США по ассоциации - Statistics

General Stats
  • This quiz has been taken 25 times
  • The average score is 9 of 15
Answer Stats
Ассоциатиаця Президент % Correct
Тарифные войны Дональд Трамп
95%
Темнокожий Барак Обама
95%
Доллар Джордж Вашингтон
90%
Убийство Джон Кеннеди
90%
Ленд-лиз Франклин Рузвельт
81%
Вывод войск из Афганистана Джо Байден
76%
Скандал в Овальном кабинете Билл Клинтон
62%
Освобождение рабов Авраам Линкольн
62%
Хиросима и Нагасаки Гэри Трумэн
62%
Импичмент Ричард Никсон
52%
Столетие Джимми Картер
29%
Война во Вьетнаме Линдон Джонсон
29%
Дамба Герберт Гувер
24%
Роман Джеймса Джойса Улисс Грант
19%
Неэффективность Джеймс Бьюкенен
10%
No matching quizzes found
Score Distribution
Percent of People with Each Score
Percentile by Number Answered
Your Score History
You have not taken this quiz